Housing : It's your move Volume 11 Technical Reports

Bibliographic Details
Format: Book
Published: Vancover : Urban land economics division Faculty of commerce and business administration University of British Columbia , 1976
Subjects:

MARC

LEADER 00000cam a2200000 7i4500
001 0000007766
005 20161122.0
020 |a 0920198023 
040 |a INS 
090 0 0 |a HD7305.B7   |b H67 1976 
245 0 0 |a Housing :   |b It's your move Volume 11 Technical Reports   |c reported by Faculty of commerce and business administration University of British Columbia 
260 |a Vancover :   |b Urban land economics division Faculty of commerce and business administration University of British Columbia ,   |c 1976 
300 |a 130p ;   |c 21 cm. 
500 |a V.1 Final reports, V.2 Technical reports 
650 0 0 |a Housing   |z British Columbia 
999 |a 0000022437   |b BOOK   |c Open Shelf   |e Default branch